| 000 | 00580pab a2200181 454500 | ||
|---|---|---|---|
| 008 | 180718b2004 xxu||||| |||| 00| 0 eng d | ||
| 100 | _aTuteja, Usha | ||
| 245 | _aUtilisation of agricultural input subsidies by scheduled caste vis-a-vis non-scheduled caste farmers in Haryana | ||
| 260 | _c2004 | ||
| 300 | _ap.722-44. | ||
| 362 | _aOct-Dec | ||
| 650 | _aFarmers - India - Haryana | ||
| 650 | _aScheduled caste - India - Haryana | ||
| 650 | _aAgriculture - India - Haryana | ||
| 650 | _aAgriculture | ||
| 773 | _aIndian Journal of Agricultural Economics | ||
| 909 | _a64401 | ||
| 999 |
_c64401 _d64401 |
||